Elementary statistics : (Record no. 6513)
[ view plain ]
| 000 -LEADER | |
|---|---|
| fixed length control field | 00365nam a22001337a 4500 |
| 020 ## - ISBN | |
| International Standard Book Number | 97800773445204 |
| 050 ## - LIBRARY OF CONGRESS CALL NUMBER | |
| Classification Number | QA 276.12 |
| Item Number | .B4 2009 |
| 100 ## - MAIN ENTRY--Author | |
| Personal name | Bluman, Allan G. |
| 245 ## - TITLE | |
| Title | Elementary statistics : |
| Remainder of title | a step by step approach |
| 250 ## - EDITIONSTATEMENT | |
| Edition statement | 4th ed. |
| 260 ## - PUBLICATION, DISTRIBUTION, ETC.(IMPRINT) | |
| Place of publication, distribution, etc | Boston: |
| Name of publisher, distributor, etc | Mc Grawhill, |
| Date of publication, distribution, etc | 2009. |
| 650 ## - SUBJECT--TOPIC | |
| General subdivision | Statistics |
| -- | Mathematical statistics |
| 942 ## - ADDED ENTRY ELEMENTS(KOHA) | |
| Source of classification or shelving scheme | Library of Congress Classification |
| Koha item type | General circulation |
| Source of classification or shelving scheme | Not for loan | Location (home branch) | Sublocation (holding branch) | Shelving location | Date accessioned | Full call number | Barcode | Nonpublic note | Koha item type | Cost, normal purchase price | Cost, replacement price | Public note |
|---|---|---|---|---|---|---|---|---|---|---|---|---|
| Library of Congress Classification | Main Campus Library | Main Campus Library | 21/07/2015 | QA 276.12 .B4 2009 | 2015/012993 | jm | General circulation | |||||
| Library of Congress Classification | Main Campus Library | Main Campus Library | 21/07/2015 | QA 276.12 .B4 2009 | 2015/012991 | jm | General circulation | |||||
| Library of Congress Classification | Main Campus Library | Main Campus Library | 23/07/2015 | QA 276.12 .B4 2009 | 2015/004426 | Nzk | General circulation | 700.00 | 770.00 | Nzk |